Cartas a Russell, Keynes y Moore / (Record no. 142526)
[ view plain ]
| 000 -LEADER | |
|---|---|
| campo de control de longitud fija | 00850nam a2200241 i 4500 |
| 001 - NÚMERO DE CONTROL | |
| campo de control | 142526 |
| 003 - IDENTIFICADOR DE NÚMERO DE CONTROL | |
| campo de control | ES-MaACL |
| 005 - FECHA Y HORA DE LA ÚLTIMA TRANSACCIÓN | |
| campo de control | 20230906200539.0 |
| 007 - CAMPO FIJO DE DESCRIPCIÓN FÍSICA--INFORMACIÓN GENERAL | |
| campo de control de longitud fija | t| |
| 008 - DATOS DE LONGITUD FIJA--INFORMACIÓN GENERAL | |
| campo de control de longitud fija | 071005s1979 sp ||||1| spa d |
| 100 1# - ENTRADA PRINCIPAL--NOMBRE DE PERSONA | |
| Nombre de persona | Wittgenstein, Ludwig. |
| 9 (RLIN) | 117183 |
| 245 10 - MENCIÓN DEL TÍTULO | |
| Título | Cartas a Russell, Keynes y Moore / |
| Mención de responsabilidad, etc. | Ludwig Wittgenstein ; edición e introducción a cargo de G. von Wright con la colaboración de B.F. McGuinness ; [versión del inglés de Néstor Míguez]. |
| 260 ## - PUBLICACIÓN, DISTRIBUCIÓN, ETC. | |
| Lugar de publicación, distribución, etc. | Madrid : |
| Nombre del editor, distribuidor, etc. | Taurus, |
| Fecha de publicación, distribución, etc. | [1979] |
| 300 ## - DESCRIPCIÓN FÍSICA | |
| Extensión | 181 p. ; |
| Dimensiones | 21 cm. |
| 490 1# - MENCIÓN DE SERIE | |
| Mención de serie | Ensayistas ; |
| Designación de volumen o secuencia | 165 |
| 700 1# - ENTRADA AGREGADA--NOMBRE PERSONAL | |
| Nombre de persona | Wright, G. H. von. |
| 9 (RLIN) | 117408 |
| 700 1# - ENTRADA AGREGADA--NOMBRE PERSONAL | |
| Nombre de persona | McGuinness, B. F. |
| 9 (RLIN) | 79574 |
| 700 1# - ENTRADA AGREGADA--NOMBRE PERSONAL | |
| Nombre de persona | Míguez, Néstor. |
| 9 (RLIN) | 81054 |
| 830 0# - PUNTO DE ACCESO ADICIONAL DE SERIE-TÍTULO UNIFORME | |
| Título uniforme | Ensayistas ; |
| Designación de volumen o secuencia | 165 |
| 9 (RLIN) | 177257 |
| 852 ## - LOCALIZACIÓN | |
| Ubicación | ES-MaACL |
| Número de control de estantería | A-10159 |
| Sublocalización o colección | R.99577 |
| 852 ## - LOCALIZACIÓN | |
| Ubicación | ES-MaACL |
| Número de control de estantería | A-10351 |
| Sublocalización o colección | R.99402 |
| Estatus retirado | Estado de pérdida | Estado de daño | No para préstamo | Biblioteca de origen | Biblioteca actual | Ubicación en estantería | Fecha de adquisición | Fuente de adquisición | Total de préstamos | Signatura topográfica completa | Código de barras | Visto por última vez | Precio de reemplazo | Tipo de ítem Koha |
|---|---|---|---|---|---|---|---|---|---|---|---|---|---|---|
| Biblioteca del Ateneo de Madrid | Biblioteca del Ateneo de Madrid | Depósito 1 | 17/01/2008 | A-10351 | 1148297 | 23/02/2023 | 23/02/2023 | Libro impreso | ||||||
| Biblioteca del Ateneo de Madrid | Biblioteca del Ateneo de Madrid | Depósito 1 | 17/01/2008 | A-10159 | 1148296 | 23/02/2023 | 23/02/2023 | Libro impreso |
